Roman people /
| Главный автор: | |
|---|---|
| Формат: | |
| Язык: | English |
| Опубликовано: |
Boston, Mass. :
McGraw-Hill,
c2005.
|
| Редактирование: | 4th ed. |
| Предметы: | |
| Online-ссылка: | Table of contents Contributor biographical information Publisher description |
| Classic Catalogue: | View this record in Classic Catalogue |
| LEADER | 01219nam a22002894a 4500 | ||
|---|---|---|---|
| 001 | 30110 | ||
| 003 | BD-DhAAL | ||
| 005 | 20151028093525.0 | ||
| 008 | 151028s2005 mauab b 001 0ceng | ||
| 010 | |a 2004042691 | ||
| 020 | |a 0072869046 | ||
| 040 | |a DLC |c DLC |d DLC |d BD-DhAAL | ||
| 082 | 0 | 0 | |a 920.037 |2 22 |
| 100 | 1 | |a Kebric, Robert B. |9 15765 | |
| 245 | 1 | 0 | |a Roman people / |c Robert B. Kebric. |
| 250 | |a 4th ed. | ||
| 260 | |a Boston, Mass. : |b McGraw-Hill, |c c2005. | ||
| 300 | |a xxviii, 298, [51] p. : |b ill., maps |c 24 cm. | ||
| 504 | |a Includes bibliographical references and index. | ||
| 541 | |e 30110 | ||
| 651 | 0 | |a Rome |v Biography. |9 15766 | |
| 856 | 4 | 1 | |3 Table of contents |u http://www.loc.gov/catdir/toc/mh041/2004042691.html |
| 856 | 4 | 2 | |3 Contributor biographical information |u http://www.loc.gov/catdir/enhancements/fy0705/2004042691-b.html |
| 856 | 4 | 2 | |3 Publisher description |u http://www.loc.gov/catdir/enhancements/fy0726/2004042691-d.html |
| 942 | |2 ddc |c BK | ||
| 999 | |c 35935 |d 35935 | ||
| 952 | |0 0 |1 0 |2 ddc |4 0 |6 920_037000000000000_KEB |7 0 |9 56468 |a BRACUL |b BRACUL |c GEN |d 2015-10-28 |e BRAC Institute of Language (BIL) |l 0 |o 920.037 KEB |p 3010030110 |r 2015-10-28 |t 1 |w 2015-10-28 |y BK |x Transferred from BIL to BRACUL on 06/06/22 | ||